书目信息 |
| 题名: |
白门柳
|
|
| 作者: | 刘斯奋, 著 | |
| 分册: | 第二部 秋露危城 | |
| 出版信息: | 北京 中国青年出版社 2005.01 |
|
| 页数: | 561页, [1] 叶图版 | |
| 开本: | 21cm | |
| 丛书名: | 中国文库 | |
| 单 册: | ||
| 中图分类: | I247.57 | |
| 科图分类: | ||
| 主题词: | 长篇小说--chang pian xiao shuo--中国--现代 | |
| 电子资源: | ||
| ISBN: | 7-5006-6018-9 | |
| 000 | 00994nam 2200253 450 | |
| 001 | 012006292685 | |
| 005 | 20070529083842.35 | |
| 010 | @a7-5006-6018-9@dCNY75.00 (全3册) | |
| 100 | @a20061224d2005 km y0chiy0120 ea | |
| 101 | 0 | @achi |
| 102 | @aCN@b110000 | |
| 105 | @aacf z 000ay | |
| 200 | 1 | @a白门柳@Abai men liu@h第二部@i秋露危城@f刘斯奋著@Fliu si fen zhu |
| 210 | @a北京@c中国青年出版社@d2005.01 | |
| 215 | @a561页, [1] 叶图版@c图, 肖像@d21cm | |
| 225 | 2 | @a中国文库@Azhong guo wen ku@h第二辑@i文学类 |
| 330 | @a《白门柳》是著名作家刘斯奋历时16年潜心创作的一部长篇小说,讲述的是明末清初“秦淮八艳”中的三大名妓柳如是、李十娘、董小婉以及名士钱谦益与时代、命运奋力抗争的故事,荣获中国“茅盾文学奖”。 | |
| 410 | 0 | @12001 @a中国文库@h第二辑@i文学类 |
| 517 | 1 | @a秋露危城@Aqiu lu wei cheng |
| 606 | 0 | @a长篇小说@Achang pian xiao shuo@y中国@z现代 |
| 690 | @aI247.57@v4 | |
| 701 | 0 | @a刘斯奋,@Aliu si fen,@f1944-@4著 |
| 801 | 0 | @aCN@c20070529 |
| 905 | @b233588-90@dI247.57@eL671:2 | |
| 白门柳.第二部.秋露危城/刘斯奋著.-北京:中国青年出版社,2005.01 |
| 561页, [1] 叶图版:图, 肖像;21cm.-(中国文库.第二辑.文学类) |
| ISBN 7-5006-6018-9:CNY75.00 (全3册) |
| 《白门柳》是著名作家刘斯奋历时16年潜心创作的一部长篇小说,讲述的是明末清初“秦淮八艳”中的三大名妓柳如是、李十娘、董小婉以及名士钱谦益与时代、命运奋力抗争的故事,荣获中国“茅盾文学奖”。 |
| ● |
| 相关链接 |
|
|
|
正题名:白门柳
索取号:I247.57/L671:2
 
预约/预借
| 序号 | 登录号 | 条形码 | 馆藏地/架位号 | 状态 | 备注 |
| 1 | 233588 | 202335883 | 社科二线400B/400B社科库 23排3列1层/ [索取号:I247.57/L671:2] | 在馆 | |
| 2 | 233589 | 202335892 | 文学库108/ [索取号:I247.57/L671:2] | 在馆 | |
| 3 | 233590 | 202335909 | 文学库108/108文学库 50排1列4层/ [索取号:I247.57/L671:2] | 在馆 |